000 00974nam a22003017a 4500
001 9469
003 FISKH
005 20260113164021.0
008 260113b cb ||||| |||| 00| 0 eng d
020 _a9780670881352
040 _aFISKH
_beng
_cFISKH
_dFISKH
050 _aPZ8.S37 S
082 _a813.54
100 _aScieszka , Jon
245 _aSquids will be squids :
_bfresh morals, beastly fables /
_cBy Jon Scieszka and Lane Smith
250 _aFirst published in 1998
260 _aNew York :
_bViking ,
_c1998.
300 _a46 pages :
_bcolor illustrations ;
_c31 cm .
505 _aR
520 _aContemporary fables with tongue-in-cheek morals address such topics as homework, curfews, and television commercials.
521 8 _a720
_bLexile AD
521 8 _aR
_bRaz-Plus
650 _aFunny
_vChildren's Books
650 _aHumor
_vChildren's Books
700 _aLeach , Molly
_eDesigner
942 _2ddc
_cBK
_n0
999 _c9469
_d9469